<?xml version="1.0" encoding="UTF-8"?>
<record
    xmlns:xsi="http://www.w3.org/2001/XMLSchema-instance"
    xsi:schemaLocation="http://www.loc.gov/MARC21/slim http://www.loc.gov/standards/marcxml/schema/MARC21slim.xsd"
    xmlns="http://www.loc.gov/MARC21/slim">

  <leader>02025nam a2200337 a 4500</leader>
  <controlfield tag="001">000000517</controlfield>
  <controlfield tag="003">DO-SdBNP</controlfield>
  <controlfield tag="005">20171011132015.0</controlfield>
  <controlfield tag="007">000000517</controlfield>
  <controlfield tag="008">081128s1977    dr ac         000 0 spa d</controlfield>
  <datafield tag="020" ind1=" " ind2=" ">
    <subfield code="a">9788484010104</subfield>
  </datafield>
  <datafield tag="040" ind1=" " ind2=" ">
    <subfield code="a">BPMSU</subfield>
    <subfield code="b">spa</subfield>
    <subfield code="c">BPMSU</subfield>
  </datafield>
  <datafield tag="082" ind1=" " ind2="4">
    <subfield code="a">972.93</subfield>
    <subfield code="b">S366s</subfield>
  </datafield>
  <datafield tag="100" ind1="1" ind2=" ">
    <subfield code="a">Schoenrich, Otto</subfield>
  </datafield>
  <datafield tag="240" ind1="1" ind2="0">
    <subfield code="a">Santo Domingo a country with a future</subfield>
    <subfield code="l">espa&#xF1;ol</subfield>
  </datafield>
  <datafield tag="245" ind1="1" ind2="0">
    <subfield code="a">Santo Domingo un pa&#xED;s con futuro /</subfield>
    <subfield code="c">Otto Schoenrich ; traducci&#xF3;n Eduardo Villanueva.</subfield>
  </datafield>
  <datafield tag="260" ind1=" " ind2=" ">
    <subfield code="a">Santo Domingo :</subfield>
    <subfield code="b">Editora de Santo Domingo,</subfield>
    <subfield code="c">1977.</subfield>
  </datafield>
  <datafield tag="300" ind1=" " ind2=" ">
    <subfield code="a">368 p. :</subfield>
    <subfield code="b">il., retrs. ;</subfield>
    <subfield code="c">23 cm.</subfield>
  </datafield>
  <datafield tag="500" ind1=" " ind2=" ">
    <subfield code="a">Traducci&#xF3;n de: Santo Domingo a country with a future</subfield>
  </datafield>
  <datafield tag="505" ind1="0" ind2=" ">
    <subfield code="t">Bosquejo hist&#xF3;rico. D&#xED;as de la conquista 1492 a 1533 --</subfield>
    <subfield code="t">Bosquejo hist&#xF3;rico, vicisitudes coloniales -- 1533 a 1801 --</subfield>
    <subfield code="t">Bosquejo hist&#xF3;rico -- Cambios de gobierno 1801 a 1844 --</subfield>
    <subfield code="t">Bosquejo hist&#xF3;rico -- Primera Rep&#xFA;blica y anexi&#xF3;n Espa&#xF1;ola 1844 a 1865 --</subfield>
    <subfield code="t">Bosquejo hist&#xF3;rico. Segunda Rep&#xFA;blica. Revoluciones y dictaduras 1863 a 1904 --</subfield>
    <subfield code="t">Bosquejo hist&#xF3;rico -- Influencia americana 1904 a la fecha (1918) --</subfield>
    <subfield code="t">&#xC1;rea y fronteras --</subfield>
    <subfield code="t">Topograf&#xED;a y clima --</subfield>
    <subfield code="t">Geolog&#xED;a y minerales --</subfield>
    <subfield code="t">Flora y fauna --</subfield>
    <subfield code="t">La gente --</subfield>
    <subfield code="t">Religi&#xF3;n --</subfield>
    <subfield code="t">Educaci&#xF3;n y literatura --</subfield>
    <subfield code="t">Medios de transporte y comunicaci&#xF3;n --</subfield>
    <subfield code="t">Comercio --</subfield>
    <subfield code="t">Ciudades y pueblos --</subfield>
    <subfield code="t">Los restos de Col&#xF3;n --</subfield>
    <subfield code="t">Gobierno --</subfield>
    <subfield code="t">Pol&#xED;tica y revoluciones --</subfield>
    <subfield code="t">Leyes y justicia --</subfield>
    <subfield code="t">La deuda dominicana y el tratado fiscal con los Estados Unidos --</subfield>
    <subfield code="t">Finanzas --</subfield>
    <subfield code="t">El futuro de Santo Domingo.</subfield>
  </datafield>
  <datafield tag="581" ind1=" " ind2=" ">
    <subfield code="a">Publicado originalmente en ingl&#xE9;s en 1918.</subfield>
  </datafield>
  <datafield tag="650" ind1=" " ind2="4">
    <subfield code="a">CIUDADES Y PUEBLOS</subfield>
    <subfield code="z">REP&#xDA;BLICA DOMINICANA</subfield>
  </datafield>
  <datafield tag="651" ind1=" " ind2="4">
    <subfield code="a">REP&#xDA;BLICA DOMINICANA</subfield>
    <subfield code="x">HISTORIA</subfield>
  </datafield>
  <datafield tag="651" ind1=" " ind2="4">
    <subfield code="a">REP&#xDA;BLICA DOMINICANA</subfield>
    <subfield code="x">VIDA SOCIAL Y COSTUMBRES</subfield>
  </datafield>
  <datafield tag="651" ind1=" " ind2="4">
    <subfield code="a">REP&#xDA;BLICA DOMINICANA</subfield>
    <subfield code="x">DESCRIPCIONES Y VIAJES</subfield>
  </datafield>
  <datafield tag="700" ind1="1" ind2="2">
    <subfield code="a">Villanueva, Eduardo,</subfield>
    <subfield code="e">tr.</subfield>
  </datafield>
  <datafield tag="910" ind1=" " ind2=" ">
    <subfield code="a">Validado. Control de calidad BNPHU</subfield>
  </datafield>
  <datafield tag="942" ind1=" " ind2=" ">
    <subfield code="2">ddc</subfield>
    <subfield code="c">BK</subfield>
  </datafield>
  <datafield tag="945" ind1=" " ind2=" ">
    <subfield code="a">Inventariado / 2017 VM</subfield>
  </datafield>
  <datafield tag="952" ind1=" " ind2=" ">
    <subfield code="0">0</subfield>
    <subfield code="1">0</subfield>
    <subfield code="2">ddc</subfield>
    <subfield code="4">0</subfield>
    <subfield code="7">0</subfield>
    <subfield code="8">CD</subfield>
    <subfield code="a">BPMET</subfield>
    <subfield code="b">BPMET</subfield>
    <subfield code="d">2015-07-23</subfield>
    <subfield code="l">0</subfield>
    <subfield code="o">972.93   S366s</subfield>
    <subfield code="p">BPMSU15070346</subfield>
    <subfield code="r">2015-07-23</subfield>
    <subfield code="w">2015-07-23</subfield>
    <subfield code="y">BK</subfield>
  </datafield>
  <datafield tag="956" ind1=" " ind2=" ">
    <subfield code="a">VMATEO</subfield>
    <subfield code="b">10</subfield>
    <subfield code="c">20150723</subfield>
    <subfield code="l">BPMSU</subfield>
    <subfield code="h">00151</subfield>
  </datafield>
  <datafield tag="999" ind1=" " ind2=" ">
    <subfield code="c">8003</subfield>
    <subfield code="d">8003</subfield>
  </datafield>
</record>
